| 000 | 00548nam a2200181 4500 | ||
|---|---|---|---|
| 008 | 010815s1986 enk engYA | ||
| 020 | _a0745911137 | ||
| 090 |
_aBS440 _bL66a |
||
| 100 | 1 | _aPat, Alexander | |
| 245 | 1 | 0 |
_aThe Lion encyclopedia of the Bible / _cAlexander Pat, editor. |
| 250 | _arev. ed. | ||
| 260 |
_aEngland : _bLion, _cc1986. |
||
| 300 |
_a352 p. : _bill. |
||
| 650 | 4 |
_aBIble _xCriticism, interpretation, etc. |
|
| 650 | 4 |
_aBible _xDictionaries. |
|
| 950 | 0 | _9.95 | |
| 951 |
_p10547 _oBS440/L66a _j070613110945296 _d2000-12-21 _cREF |
||
| 999 |
_c2921 _d2921 |
||